000 00906nam a2200289Ia 4500
001 Z_6065
003 CHAP
008 220113s1974 xx 000 0 und d
010 _a169295
040 _cCHAP
082 _a799.26 S83
110 _aSubsecretaría Forestal y de la Fauna
_9143850
245 _aBorrego Cimarrón: Baja California temporada 1974 /
_cSubsecretaría Forestal y de la Fauna; Dirección General de la Fauna Silvestre
260 _aMéxico :
_bSubsecretaría Forestal y de la Fauna :,
_bDirección General de la Fauna Silvestre,
_c1974
300 _a231 p.
503 _aej.1:
650 _aBorrego Cimarrón
_913934
650 _aCaza
_xBaja California
_9143851
650 _aFauna silvestre
_9139854
710 _aI. Subsecretaría Forestal y de la Fauna
_9143852
901 _a799.26 S83
902 _aM
910 _a1974
942 _c1
942 _cc1
999 _c169295
_d169295